Loading...

EXCAVATIONS AT SATANIKOTA 1977-80

Bibliographic Details
Main Author: GHOSH N C
Format: Printed Book
Published: NEW DELHI ARCHAEOLOGICAL SURVEY OF INDIA 1986
Subjects:
LEADER 00652nam a2200229 4500
020 |c 150.0 
082 |a 622.4 GHO 
100 |a GHOSH N C 
245 |a EXCAVATIONS AT SATANIKOTA 1977-80  |h ENGLISH 
250
260 |a NEW DELHI  |b ARCHAEOLOGICAL SURVEY OF INDIA  |c 1986 
300 |a 180 p  |f HB 
500 |a   
501 |a General 
538
590
630 |a EXCAVATIONS 
650 |a EXCAVATIONS AT SATANIKOTA 1977-80 
700
942 |c BK 
999 |c 176321  |d 176321 
952 |0 0  |1 0  |4 0  |6 622_400000000000000_GHO  |7 0  |9 189687  |a AGY  |b AGY  |g 150.00  |l 0  |o 622.4 GHO  |p AGY530  |r 2019-10-25  |w 2019-10-25  |y BK